[Event "SUI-ch (Women) 122nd"]
[Site "Leukerbad"]
[Date "2023.07.23"]
[Round "9"]
[White "Pecorini, Angie"]
[Black "Hakimifard, Ghazal"]
[Result "1/2-1/2"]
[WhiteElo "1892"]
[BlackElo "2270"]
[PlyCount "86"]
[EventDate "2023.07.15"]
[EventType "tourn"]
[EventRounds "9"]
[EventCountry "SUI"]
[SourceTitle "CBM 215 Extra"]
[Source "ChessBase"]
[SourceDate "2023.09.30"]
[SourceVersion "1"]
[SourceVersionDate "2023.09.30"]
[SourceQuality "1"]

1. d4 Nf6 2. c4 e6 3. Nc3 Bb4 4. e3 0-0 5. Nge2 d5 6. c5 b6 7. a3 Bxc3+ 8. Nxc3 bxc5 9. dxc5 a5 10. Bb5 e5 11. 0-0 c6 12. Be2 Bf5 13. Na4 Nbd7 14. b4 Rb8 15. Bd2 axb4 16. axb4 Re8 17. f3 h6 18. Qb3 Qe7 19. Rfe1 Nxc5 20. Nxc5 Qxc5 21. Rec1 Qd6 22. Ra6 Bd7 23. b5 Rec8 24. Bb4 Qe6 25. Qa3 Ne8 26. b6 c5 27. b7 Rc6 28. Rxc5 Rxb7 29. Rcxc6 Bxc6 30. Qc3 Qd7 31. Rxc6 Rxb4 32. Qxb4 Qxc6 33. Qb8 Kh7 34. Qxe5 Nf6 35. Bd3+ g6 36. Kf2 Nd7 37. Qb2 Qe6 38. Qd4 Ne5 39. Bb5 Qf5 40. Be2 Qe6 41. Bb5 Qf5 42. Be2 h5 43. h3 Qe6 1/2-1/2

[Event "SUI-ch (Women) 122nd"]
[Site "Leukerbad"]
[Date "2023.07.19"]
[Round "5"]
[White "Shatil, Or"]
[Black "Pecorini, Angie"]
[Result "1-0"]
[WhiteElo "2039"]
[BlackElo "1892"]
[PlyCount "97"]
[EventDate "2023.07.15"]
[EventType "tourn"]
[EventRounds "9"]
[EventCountry "SUI"]
[SourceTitle "CBM 215 Extra"]
[Source "ChessBase"]
[SourceDate "2023.09.30"]
[SourceVersion "1"]
[SourceVersionDate "2023.09.30"]
[SourceQuality "1"]

1. e4 c5 2. Nf3 d6 3. c3 Nf6 4. h3 g6 5. Bd3 Bg7 6. Bc2 Nc6 7. d4 cxd4 8. cxd4 0-0 9. 0-0 b5 10. Nc3 b4 11. Ne2 a5 12. Be3 Ba6 13. Re1 Nd7 14. Bd3 Ndb8 15. Bxa6 Nxa6 16. Qd2 Qd7 17. Bh6 Rfc8 18. Bxg7 Kxg7 19. Qf4 f6 20. e5 Nc7 21. exf6+ exf6 22. Ng3 d5 23. h4 Ne6 24. Qg4 Nf8 25. Qf4 Ne6 26. Qd2 Ne7 27. Qe3 Ra6 28. h5 Rac6 29. Nh2 Re8 30. h6+ Kf7 31. Ng4 Ng5 32. Nxf6 Nh3+ 33. gxh3 Rxf6 34. Kg2 g5 35. Qxg5 Rg8 36. Qh5+ Rgg6 37. Re2 Qf5 38. Qxf5 Nxf5 39. Rd1 Nh4+ 40. Kh1 Rxh6 41. Rc1 Nf3 42. Rc7+ Kg6 43. Kg2 Nxd4 44. Re8 Rf7 45. Rc5 Nf5 46. Rg8+ Rg7 47. Rxg7+ Nxg7 48. Rc6+ Kg5 49. f4+ 1-0

[Event "SUI-ch (Women) 122nd"]
[Site "Leukerbad"]
[Date "2023.07.16"]
[Round "2"]
[White "Pecorini, Angie"]
[Black "Sedina, Elena"]
[Result "0-1"]
[WhiteElo "1892"]
[BlackElo "2173"]
[PlyCount "100"]
[EventDate "2023.07.15"]
[EventType "tourn"]
[EventRounds "9"]
[EventCountry "SUI"]
[SourceTitle "CBM 215 Extra"]
[Source "ChessBase"]
[SourceDate "2023.09.30"]
[SourceVersion "1"]
[SourceVersionDate "2023.09.30"]
[SourceQuality "1"]

1. d4 d5 2. c4 c6 3. cxd5 cxd5 4. Nc3 Nc6 5. Bf4 e5 6. dxe5 d4 7. Ne4 Bf5 8. Nd6+ Bxd6 9. exd6 Nf6 10. Nf3 Qb6 11. Qb3 Nb4 12. Rc1 0-0 13. Rc4 a5 14. Nxd4 Bb1 15. Qg3 Ne4 16. Qf3 Bxa2 17. b3 Nxd6 18. Bxd6 Qxd6 19. Qxb7 Rad8 20. e3 Bxb3 21. Rxb4 axb4 22. Bd3 Bd5 23. Qb5 Ra8 24. Bb1 g6 25. 0-0 Rfb8 26. Qe2 Re8 27. Qb2 Rab8 28. Bd3 b3 29. Nb5 Qe5 30. Nd4 Ra8 31. Ra1 Rxa1+ 32. Qxa1 Ra8 33. Qb1 Rb8 34. Qb2 Qg5 35. g3 Qg4 36. Be2 Qe4 37. Bf3 Qe5 38. Bd1 h5 39. h4 Qe4 40. Bf3 Qe5 41. Bd1 Kh7 42. Kf1 Bc4+ 43. Kg2 Kg8 44. Bf3 Bd5 45. Bxd5 Qxd5+ 46. Kf1 Qc4+ 47. Ne2 Qc2 48. Qe5 Rd8 49. Nd4 Rxd4 50. Qe8+ Kg7 0-1

[Event "SUI-ch (Women) 122nd"]
[Site "Leukerbad"]
[Date "2023.07.15"]
[Round "1"]
[White "Thode, Gilda"]
[Black "Pecorini, Angie"]
[Result "0-1"]
[WhiteElo "1871"]
[BlackElo "1892"]
[PlyCount "52"]
[EventDate "2023.07.15"]
[EventType "tourn"]
[EventRounds "9"]
[EventCountry "SUI"]
[SourceTitle "CBM 215 Extra"]
[Source "ChessBase"]
[SourceDate "2023.09.30"]
[SourceVersion "1"]
[SourceVersionDate "2023.09.30"]
[SourceQuality "1"]

1. d4 Nf6 2. Nf3 g6 3. c4 Bg7 4. Nc3 d5 5. Bg5 Ne4 6. Bf4 Nxc3 7. bxc3 c6 8. e3 Qa5 9. Qb3 0-0 10. Qb4 Qxb4 11. cxb4 Nd7 12. cxd5 cxd5 13. Rc1 Re8 14. Be2 e5 15. dxe5 Nxe5 16. Bxe5 Bxe5 17. Bb5 Re7 18. Nxe5 Rxe5 19. Rc5 a6 20. Ba4 b6 21. Rc7 Bf5 22. 0-0 Re4 23. Bc6 Rd8 24. a3 Rc4 25. Rd1 Rd6 26. e4 dxe4 0-1

[Event "World Cup U18 Girls Prel"]
[Site "Tornelo INT"]
[Date "2021.08.01"]
[Round "7"]
[White "Fraser, Susanna"]
[Black "Pecorini, Angie"]
[Result "1-0"]
[WhiteElo "1641"]
[BlackElo "1930"]
[PlyCount "83"]
[EventDate "2021.08.01"]
[EventType "swiss (rapid)"]
[EventRounds "10"]
[EventCountry "NET"]
[SourceTitle "EXT 2024"]
[Source "ChessBase"]
[SourceDate "2023.10.10"]
[SourceVersion "1"]
[SourceVersionDate "2023.10.10"]
[SourceQuality "1"]

1. d4 Nf6 2. Bf4 g6 3. Nc3 d5 4. e3 Bg7 5. Nf3 c6 6. Nb1 Bf5 7. c4 Nbd7 8. Nc3 0-0 9. Be2 a5 10. 0-0 dxc4 11. Bxc4 b5 12. Bb3 Nb6 13. Ne5 Rc8 14. Rc1 Nfd5 15. Qf3 Nxf4 16. Qxf4 a4 17. Bxf7+ Rxf7 18. Nxf7 Kxf7 19. e4 Qxd4 20. Rfd1 Qe5 21. Qxe5 Bxe5 22. exf5 gxf5 23. Re1 Kf6 24. Rc2 Bxc3 25. Rxc3 Nd5 26. Rc5 e5 27. a3 Ke6 28. g3 Kd6 29. Rec1 e4 30. Kf1 h5 31. Ke2 Ne7 32. R5c2 Ke6 33. f3 Kd5 34. Rd1+ Ke6 35. fxe4 fxe4 36. Ke3 Ke5 37. Rc5+ Ke6 38. Kxe4 Rf8 39. Re5+ Kf7 40. Rf1+ Ke8 41. Rxf8+ Kxf8 42. Rxh5 1-0

[Event "World Cup U18 Girls Prel"]
[Site "Tornelo INT"]
[Date "2021.08.01"]
[Round "6"]
[White "Pecorini, Angie"]
[Black "Premanath, Prasansa"]
[Result "1-0"]
[WhiteElo "1930"]
[BlackElo "1517"]
[PlyCount "65"]
[EventDate "2021.08.01"]
[EventType "swiss (rapid)"]
[EventRounds "10"]
[EventCountry "NET"]
[SourceTitle "EXT 2024"]
[Source "ChessBase"]
[SourceDate "2023.10.10"]
[SourceVersion "1"]
[SourceVersionDate "2023.10.10"]
[SourceQuality "1"]

1. d4 Nf6 2. c4 e6 3. Nc3 Bb4 4. e3 b6 5. Nge2 Bb7 6. a3 Be7 7. d5 exd5 8. cxd5 0-0 9. Nf4 Na6 10. b4 d6 11. Bb2 c5 12. dxc6 Bc8 13. Ncd5 Nc7 14. Be2 Ncxd5 15. Nxd5 Nxd5 16. Qxd5 Be6 17. Qf3 d5 18. 0-0 Qc8 19. b5 f6 20. Bd3 a6 21. a4 Bc5 22. Bd4 axb5 23. axb5 Bxd4 24. exd4 Qc7 25. Rfe1 Qd6 26. Qh5 f5 27. Rxa8 Rxa8 28. Bxf5 g6 29. Bxg6 hxg6 30. Qxg6+ Kh8 31. h3 Ra2 32. Qxe6 Qf4 33. Qe5+ 1-0

[Event "World Cup U18 Girls Prel"]
[Site "Tornelo INT"]
[Date "2021.08.01"]
[Round "2"]
[White "Poornima, Gupta"]
[Black "Pecorini, Angie"]
[Result "0-1"]
[WhiteElo "1432"]
[BlackElo "1930"]
[PlyCount "72"]
[EventDate "2021.08.01"]
[EventType "swiss (rapid)"]
[EventRounds "10"]
[EventCountry "NET"]
[SourceTitle "EXT 2024"]
[Source "ChessBase"]
[SourceDate "2023.10.10"]
[SourceVersion "1"]
[SourceVersionDate "2023.10.10"]
[SourceQuality "1"]

1. d4 Nf6 2. c4 g6 3. Nc3 d5 4. Nf3 Bg7 5. h4 c6 6. Bg5 Nbd7 7. e3 h6 8. Bxf6 Nxf6 9. Be2 Be6 10. Ne5 dxc4 11. h5 Nxh5 12. Bxh5 Bxe5 13. Bg4 Bxg4 14. Qxg4 Bg7 15. 0-0 0-0 16. Rac1 Qc8 17. Qe2 b5 18. a4 a6 19. Ne4 Qf5 20. f3 e5 21. dxe5 Bxe5 22. g4 Qe6 23. Kg2 f5 24. Nf2 Rae8 25. Rh1 Bg7 26. Rce1 Qe5 27. axb5 cxb5 28. Qd1 Rd8 29. Qa1 Rd2 30. Qxa6 Qxb2 31. Qe6+ Kh7 32. Ref1 Qf6 33. Qxf6 Bxf6 34. Rb1 fxg4 35. fxg4 Bg5 36. Rhf1 Bxe3 0-1

[Event "EU-ch Online U18 Girls"]
[Site "Tornelo INT"]
[Date "2020.09.18"]
[Round "2"]
[White "Bojovic, Neda"]
[Black "Pecorini, Angie"]
[Result "0-1"]
[WhiteElo "1316"]
[BlackElo "1930"]
[PlyCount "70"]
[EventDate "2020.09.18"]
[EventType "swiss (rapid)"]
[EventRounds "9"]
[EventCountry "ENG"]
[SourceTitle "CBM 198 Extra"]
[Source "ChessBase"]
[SourceDate "2020.11.30"]
[SourceVersion "1"]
[SourceVersionDate "2020.11.30"]
[SourceQuality "1"]

1. d4 Nf6 2. c4 g6 3. Nc3 d5 4. Bf4 Bg7 5. e3 0-0 6. Nf3 c5 7. dxc5 Qa5 8. Nd2 dxc4 9. Bxc4 Qxc5 10. Qb3 Nc6 11. 0-0 a6 12. a3 b5 13. Be2 e5 14. Bg3 Be6 15. Qc2 Rfd8 16. Rfd1 Bf5 17. Qc1 Rac8 18. Nf3 e4 19. Rxd8+ Rxd8 20. Nd2 Ne5 21. Nb3 Qe7 22. Qc2 Nd3 23. Rd1 b4 24. axb4 Nxb4 25. Rxd8+ Qxd8 26. Qc1 Nd3 27. Qb1 Ne8 28. h3 Qc8 29. Qc2 Nb4 30. Qc1 Nd3 31. Qc2 h5 32. Kh2 Nb4 33. Qc1 Qe6 34. Qd1 Nd3 35. Qc2 Be5 0-1

[Event "EU-ch Online U18 Girls"]
[Site "Tornelo INT"]
[Date "2020.09.18"]
[Round "1"]
[White "Pecorini, Angie"]
[Black "Hryshchenko, Kamila"]
[Result "0-1"]
[WhiteElo "1930"]
[BlackElo "2050"]
[PlyCount "68"]
[EventDate "2020.09.18"]
[EventType "swiss (rapid)"]
[EventRounds "9"]
[EventCountry "ENG"]
[SourceTitle "CBM 198 Extra"]
[Source "ChessBase"]
[SourceDate "2020.11.30"]
[SourceVersion "1"]
[SourceVersionDate "2020.11.30"]
[SourceQuality "1"]

1. d4 g6 2. c4 Bg7 3. Nc3 d6 4. e4 Nf6 5. Nf3 0-0 6. Be2 e5 7. 0-0 Nc6 8. d5 Ne7 9. Nd2 Ne8 10. b4 f5 11. c5 Nf6 12. f3 a5 13. bxa5 Nh5 14. cxd6 cxd6 15. Nc4 Nf4 16. Nb5 Ra6 17. a4 h5 18. Ba3 Rf6 19. Nbxd6 Raxd6 20. Bxd6 Rxd6 21. Nxd6 Qxd6 22. Bb5 Bh6 23. Qc2 h4 24. Rfb1 Nh5 25. Qf2 fxe4 26. fxe4 Bf5 27. Bd3 Nf4 28. Rb6 Qd8 29. Bc4 Bxe4 30. d6+ Ned5 31. Qa2 Qg5 32. Bf1 Nh3+ 33. Kh1 Qe3 34. Rb2 Qg1# 0-1

[Event "EU-ch U16 Girls"]
[Site "Bratislava"]
[Date "2019.08.09"]
[Round "8"]
[White "Pecorini, Angie"]
[Black "Marcinczyk, Monika"]
[Result "0-1"]
[WhiteElo "1839"]
[BlackElo "1952"]
[PlyCount "52"]
[EventDate "2019.08.02"]
[EventType "swiss"]
[EventRounds "9"]
[EventCountry "SVK"]
[SourceTitle "CBM 191 Extra"]
[Source "ChessBase"]
[SourceDate "2019.09.30"]
[SourceVersion "1"]
[SourceVersionDate "2019.09.30"]
[SourceQuality "1"]

1. d4 Nf6 2. Nf3 d6 3. c4 Nbd7 4. Nc3 e5 5. e4 g6 6. Be2 Bg7 7. 0-0 0-0 8. Be3 c6 9. Qc2 exd4 10. Nxd4 Re8 11. Rfd1 Qe7 12. f3 d5 13. cxd5 cxd5 14. Ndb5 dxe4 15. f4 Nf8 16. Nxa7 Bd7 17. Rab1 Bc6 18. b4 Red8 19. Bb6 Rxd1+ 20. Rxd1 Qxb4 21. Rb1 Qd6 22. g3 N8d7 23. Be3 Nd5 24. Nxd5 Bxd5 25. a4 Bf8 26. Kf1 Qa3 0-1

[Event "EU-ch U16 Girls"]
[Site "Bratislava"]
[Date "2019.08.07"]
[Round "6"]
[White "Pecorini, Angie"]
[Black "Lukacs, Anna Kata"]
[Result "1-0"]
[WhiteElo "1839"]
[BlackElo "1907"]
[PlyCount "65"]
[EventDate "2019.08.02"]
[EventType "swiss"]
[EventRounds "9"]
[EventCountry "SVK"]
[SourceTitle "CBM 191 Extra"]
[Source "ChessBase"]
[SourceDate "2019.09.30"]
[SourceVersion "1"]
[SourceVersionDate "2019.09.30"]
[SourceQuality "1"]

1. d4 Nf6 2. c4 d6 3. Nc3 g6 4. e4 Bg7 5. Nf3 0-0 6. Be2 e5 7. 0-0 Nc6 8. d5 Ne7 9. Nd2 Nd7 10. b4 f5 11. c5 Nf6 12. f3 f4 13. Nc4 g5 14. a4 h5 15. Ba3 Ng6 16. b5 dxc5 17. Bxc5 Rf7 18. d6 Bf8 19. Kh1 cxd6 20. Bxd6 Bxd6 21. Nxd6 Rd7 22. Qb3+ Kh7 23. Nf5 Rc7 24. b6 axb6 25. Nb5 Rd7 26. Rad1 Qg8 27. Bc4 Qf8 28. Nbd6 Ne7 29. Be6 Rd8 30. Nf7 Rxd1 31. Nxg5+ Kg6 32. Bf7+ Kxg5 33. h4# 1-0

[Event "EU-ch U16 Girls"]
[Site "Bratislava"]
[Date "2019.08.05"]
[Round "4"]
[White "Pecorini, Angie"]
[Black "Levitan, Ronit"]
[Result "0-1"]
[WhiteElo "1839"]
[BlackElo "1987"]
[PlyCount "88"]
[EventDate "2019.08.02"]
[EventType "swiss"]
[EventRounds "9"]
[EventCountry "SVK"]
[SourceTitle "CBM 191 Extra"]
[Source "ChessBase"]
[SourceDate "2019.09.30"]
[SourceVersion "1"]
[SourceVersionDate "2019.09.30"]
[SourceQuality "1"]

1. d4 d5 2. c4 e6 3. cxd5 exd5 4. Nc3 Nf6 5. Bg5 Be7 6. e3 0-0 7. Bd3 b6 8. Qc2 Nbd7 9. Nf3 Bb7 10. 0-0 c5 11. Rac1 Ne4 12. Bf4 Ndf6 13. Ne5 Nxc3 14. bxc3 c4 15. Bf5 g6 16. Bh6 Re8 17. Nxg6 hxg6 18. Bxg6 Bd6 19. Qf5 Bf8 20. Bxf8 Kxf8 21. Bh5 Bc8 22. Qg5 Nxh5 23. Qxh5 Kg7 24. Rfe1 Rh8 25. Qe5+ f6 26. Qg3+ Kf7 27. e4 Be6 28. f3 Qd7 29. Qf4 Rag8 30. Kf2 b5 31. Rb1 dxe4 32. fxe4 Rg4 33. Qf3 Rxh2 34. Rg1 Rhh4 35. g3 Rh2+ 36. Rg2 Rxg2+ 37. Kxg2 Rg6 38. Rh1 Kg8 39. Qf4 Qb7 40. d5 Bg4 41. Qd6 Qc8 42. e5 Bf3+ 43. Kf2 Bxh1 44. e6 f5 0-1

[Event "EU-ch U16 Girls"]
[Site "Bratislava"]
[Date "2019.08.02"]
[Round "1"]
[White "Vanduyfhuys, Daria"]
[Black "Pecorini, Angie"]
[Result "0-1"]
[WhiteElo "2160"]
[BlackElo "1839"]
[PlyCount "149"]
[EventDate "2019.08.02"]
[EventType "swiss"]
[EventRounds "9"]
[EventCountry "SVK"]
[SourceTitle "CBM 191 Extra"]
[Source "ChessBase"]
[SourceDate "2019.09.30"]
[SourceVersion "1"]
[SourceVersionDate "2019.09.30"]
[SourceQuality "1"]

1. d4 g6 2. c4 Bg7 3. Nc3 c5 4. Nf3 cxd4 5. Nxd4 Nc6 6. e3 d6 7. Be2 Nf6 8. 0-0 0-0 9. b3 Qa5 10. Bb2 a6 11. a3 Rd8 12. b4 Qg5 13. Nf3 Qh5 14. Na4 Bg4 15. h3 Bxh3 16. gxh3 Qxh3 17. Nh2 Ne5 18. Nb6 Rab8 19. Nd5 e6 20. Nf4 Qh4 21. Ng2 Qe4 22. Qd4 Qc2 23. Rfe1 h5 24. Rac1 Qf5 25. Nh4 Qg5+ 26. Ng2 Neg4 27. Qf4 Qxf4 28. Nxf4 Nxh2 29. Bxf6 Bxf6 30. Kxh2 a5 31. Rb1 axb4 32. axb4 Ra8 33. Bf3 Ra2 34. Re2 Ra7 35. Rd2 Rc8 36. Be2 Ra3 37. Kg2 Be5 38. Nd3 Bc3 39. Rc2 Rxc4 40. Rbc1 Rc6 41. b5 Rc7 42. Bf3 b6 43. Be2 Kg7 44. Rg1 Kf6 45. Nb2 Ra2 46. Rb1 Rc5 47. Bd3 Ke7 48. Nd1 Rxc2 49. Bxc2 Ba5 50. Bd3 f5 51. Nb2 d5 52. Na4 Rc8 53. f4 Kf6 54. Kf2 e5 55. Rb2 g5 56. fxg5+ Kxg5 57. Kg3 Rc1 58. Rc2 h4+ 59. Kg2 Rxc2+ 60. Bxc2 f4 61. e4 dxe4 62. Bxe4 Kg4 63. Nb2 h3+ 64. Kf1 Bc3 65. Nd3 f3 66. Nf2+ Kg3 67. Bf5 h2 68. Nh1+ Kf4 69. Be6 e4 70. Bc4 e3 71. Bd3 Ke5 72. Ng3 Kd4 73. Be2 fxe2+ 74. Kxe2 Bd2 75. Kf3 0-1

[Event "World ol U16"]
[Site "Konya"]
[Date "2018.12.02"]
[Round "9.9"]
[White "Kara, Yanki"]
[Black "Pecorini, Angie"]
[Result "1-0"]
[WhiteElo "2212"]
[BlackElo "1861"]
[PlyCount "65"]
[EventDate "2018.11.25"]
[EventType "team-swiss"]
[EventRounds "9"]
[EventCountry "TUR"]
[SourceTitle "CBM 187 Extra"]
[Source "ChessBase"]
[SourceDate "2018.11.04"]
[SourceVersion "1"]
[SourceVersionDate "2018.11.04"]
[SourceQuality "1"]
[WhiteTeam "Turkey White"]
[BlackTeam "Switzerland"]
[WhiteTeamCountry "TUR"]
[BlackTeamCountry "SUI"]

1. e4 c5 2. Nf3 d6 3. Nc3 Nf6 4. e5 dxe5 5. Nxe5 e6 6. g3 Nbd7 7. Nc4 Be7 8. Bg2 Nb6 9. Ne3 Rb8 10. 0-0 0-0 11. a4 Nbd5 12. Qf3 Nb4 13. d3 Bd7 14. Qe2 Bc6 15. f3 b6 16. Nc4 a6 17. Kh1 Nfd5 18. Ne4 Ba8 19. f4 b5 20. axb5 axb5 21. Ne5 Nf6 22. Be3 Qc7 23. Bg1 Rfd8 24. Rfe1 Nd7 25. Nf3 Nb6 26. Nc3 N6d5 27. f5 Nxc3 28. bxc3 Nd5 29. fxe6 Nxc3 30. exf7+ Kf8 31. Qe6 Rd6 32. Qe5 b4 33. Bxc5 1-0

[Event "Wch U16 Girls"]
[Site "Porto Carras"]
[Date "2018.10.20"]
[Round "1"]
[White "Serikbay, Assel"]
[Black "Pecorini, Angie"]
[Result "1-0"]
[WhiteElo "2166"]
[BlackElo "1847"]
[PlyCount "73"]
[EventDate "2018.10.20"]
[EventType "swiss"]
[EventRounds "11"]
[EventCountry "GRE"]
[SourceTitle "CBM 187 Extra"]
[Source "ChessBase"]
[SourceDate "2018.11.04"]
[SourceVersion "1"]
[SourceVersionDate "2018.11.04"]
[SourceQuality "1"]

1. d4 Nf6 2. c4 g6 3. g3 Bg7 4. Bg2 c6 5. Nf3 0-0 6. 0-0 d5 7. b3 Re8 8. Nc3 Bf5 9. Bb2 Ne4 10. Rc1 a5 11. Nh4 Nxc3 12. Bxc3 Be6 13. Ba1 f5 14. Nf3 h6 15. h4 Nd7 16. Qd3 Qb8 17. Bh3 Nf6 18. Ne5 Kh7 19. f3 Nh5 20. Kg2 Bxe5 21. dxe5 dxc4 22. bxc4 Qc8 23. Rg1 f4 24. g4 Ng3 25. e3 Rd8 26. Qc2 h5 27. exf4 hxg4 28. fxg4 Bxg4 29. Kxg3 Bxh3 30. Qe2 Bf5 31. h5 Rd3+ 32. Kf2 Qd8 33. hxg6+ Bxg6 34. Rh1+ Kg8 35. e6 Rd4 36. Rh8+ Kxh8 37. Qe5+ 1-0

[Event "EU-ch U14 Girls 27th"]
[Site "Mamaia"]
[Date "2017.09.12"]
[Round "7"]
[White "Pecorini, Angie"]
[Black "Biran, Anastasiya"]
[Result "0-1"]
[WhiteElo "1872"]
[BlackElo "1568"]
[PlyCount "54"]
[EventDate "2017.09.05"]
[EventType "swiss"]
[EventRounds "9"]
[EventCountry "ROU"]
[SourceTitle "CBM 180 Extra"]
[Source "ChessBase"]
[SourceDate "2017.10.06"]
[SourceVersion "1"]
[SourceVersionDate "2017.10.06"]
[SourceQuality "1"]

1. d4 d5 2. c4 c6 3. Nc3 dxc4 4. e4 e5 5. dxe5 Qxd1+ 6. Kxd1 Nd7 7. Nf3 Nb6 8. Be3 Be6 9. Ng5 Bg4+ 10. f3 Bh5 11. Bxb6 axb6 12. Bxc4 h6 13. Nh3 0-0-0+ 14. Kc2 g5 15. e6 fxe6 16. Bxe6+ Kc7 17. Rad1 Bd6 18. Nf2 Nf6 19. Nd3 Bg6 20. Ne2 Rhe8 21. Bb3 Nd5 22. Bxd5 cxd5 23. Nc3 dxe4 24. Nd5+ Kc6 25. fxe4 Bxe4 26. Nf6 Bxd3+ 27. Rxd3 Re6 0-1

[Event "EU-ch U14 Girls 27th"]
[Site "Mamaia"]
[Date "2017.09.11"]
[Round "6"]
[White "Donghvani, Nia"]
[Black "Pecorini, Angie"]
[Result "1/2-1/2"]
[WhiteElo "1581"]
[BlackElo "1872"]
[PlyCount "87"]
[EventDate "2017.09.05"]
[EventType "swiss"]
[EventRounds "9"]
[EventCountry "ROU"]
[SourceTitle "CBM 180 Extra"]
[Source "ChessBase"]
[SourceDate "2017.10.06"]
[SourceVersion "1"]
[SourceVersionDate "2017.10.06"]
[SourceQuality "1"]

1. e4 c5 2. Nf3 d6 3. d4 cxd4 4. Nxd4 Nf6 5. Nc3 Nc6 6. Bc4 e5 7. Nb3 Be7 8. f3 Be6 9. Nd5 0-0 10. Nxe7+ Qxe7 11. Be2 a5 12. 0-0 a4 13. Nd2 Rfd8 14. c4 Nd4 15. Bd3 Nd7 16. Rf2 Nb6 17. Rb1 Qc7 18. b3 a3 19. Nf1 Nd7 20. Ne3 Nc5 21. Nd5 Bxd5 22. exd5 Qd7 23. Be3 Nxd3 24. Qxd3 Nf5 25. f4 Nxe3 26. Qxe3 Qf5 27. Re1 exf4 28. Rxf4 Qg5 29. Qe4 g6 30. Ref1 Re8 31. Qf3 f5 32. h4 Qe7 33. Qd1 Qe3+ 34. R4f2 Re4 35. h5 Rae8 36. hxg6 hxg6 37. Qf3 Qxf3 38. gxf3 Re2 39. f4 Rb2 40. Rxb2 axb2 41. Kf2 Re4 42. Kf3 Rd4 43. Ke3 Re4+ 44. Kf3 1/2-1/2

[Event "EU-ch U14 Girls 27th"]
[Site "Mamaia"]
[Date "2017.09.05"]
[Round "1"]
[White "Covrig, Larisa Raluca"]
[Black "Pecorini, Angie"]
[Result "1-0"]
[WhiteElo "1645"]
[BlackElo "1872"]
[PlyCount "63"]
[EventDate "2017.09.05"]
[EventType "swiss"]
[EventRounds "9"]
[EventCountry "ROU"]
[SourceTitle "CBM 180 Extra"]
[Source "ChessBase"]
[SourceDate "2017.10.06"]
[SourceVersion "1"]
[SourceVersionDate "2017.10.06"]
[SourceQuality "1"]

1. e4 c5 2. c4 Nc6 3. Nc3 g6 4. g3 Bg7 5. Bg2 d6 6. f4 Be6 7. d3 Qa5 8. Nge2 Nd4 9. 0-0 h5 10. e5 Rb8 11. Nxd4 cxd4 12. Nb5 dxe5 13. fxe5 a6 14. Nxd4 Qb6 15. Be3 Bxe5 16. Qb3 Bxd4 17. Qxb6 Bxb6 18. Bxb6 Nh6 19. Bd4 f6 20. Rae1 Kd7 21. Ba7 Rbc8 22. c5 Bxa2 23. Bxb7 Rcd8 24. c6+ Kd6 25. Bb6 Rb8 26. Ra1 Bd5 27. Rfc1 Be6 28. Rxa6 Bc8 29. Bc5+ Ke5 30. d4+ Kf5 31. Rf1+ Kg4 32. Rf4+ 1-0

[Event "Quebec op U2000"]
[Site "Ste Foy"]
[Date "2017.08.15"]
[Round "5.22"]
[White "Pecorini, Angie"]
[Black "Tinica, Gabriel"]
[Result "1/2-1/2"]
[WhiteElo "1901"]
[BlackElo "1880"]
[PlyCount "98"]
[EventDate "2017.08.12"]
[EventType "swiss"]
[EventRounds "9"]
[EventCountry "CAN"]
[SourceTitle "EXT 2022"]
[Source "ChessBase"]
[SourceDate "2021.10.06"]
[SourceVersion "1"]
[SourceVersionDate "2021.10.06"]
[SourceQuality "1"]

1. d4 Nf6 2. c4 g6 3. Nc3 Bg7 4. e4 0-0 5. f3 d6 6. Bg5 c5 7. d5 e6 8. Qd2 exd5 9. cxd5 a6 10. a4 Qa5 11. Ra3 Nbd7 12. Nh3 Re8 13. Be2 Rb8 14. 0-0 Qc7 15. Nf2 c4 16. Na2 b5 17. axb5 axb5 18. b3 c3 19. Qc2 b4 20. Ra4 Nc5 21. Rxb4 Rxb4 22. Nxb4 Qb6 23. Nc6 Qxb3 24. Qxb3 Nxb3 25. Bb5 Bd7 26. Rb1 Nc5 27. Bf4 Nb7 28. g4 Kh8 29. Nd3 Ra8 30. Bc4 Nd8 31. Ndb4 Ne8 32. Kf2 Rc8 33. Bb5 Ra8 34. Nxd8 Rxd8 35. Bxd7 Rxd7 36. Nc6 Kg8 37. g5 f6 38. h4 Kf7 39. Rb8 fxg5 40. hxg5 Kf8 41. Ke2 Kf7 42. Be3 Nc7 43. Kd3 Be5 44. f4 Bg7 45. f5 gxf5 46. exf5 Nxd5 47. Nd8+ Ke7 48. Nc6+ Kf7 49. Nd8+ Ke7 1/2-1/2

[Event "SUI-ch U14"]
[Site "Kreuzlingen"]
[Date "2016.07.01"]
[Round "5"]
[White "Zaza, Alexandre"]
[Black "Pecorini, Angie"]
[Result "1/2-1/2"]
[WhiteElo "1891"]
[BlackElo "1676"]
[PlyCount "51"]
[EventDate "2016.06.30"]
[EventType "swiss"]
[EventRounds "7"]
[EventCountry "SUI"]
[SourceTitle "EXT 2017"]
[Source "ChessBase"]
[SourceDate "2016.10.25"]
[SourceVersion "1"]
[SourceVersionDate "2016.10.25"]
[SourceQuality "1"]

1. e4 c5 2. Nf3 Nc6 3. Nc3 d6 4. d4 cxd4 5. Nxd4 Nf6 6. g3 e5 7. Nde2 Be7 8. Bg2 0-0 9. 0-0 Be6 10. Nd5 Rc8 11. Nec3 Nd4 12. Ne3 Qd7 13. Re1 Rfd8 14. Ncd5 Nxd5 15. exd5 Bh3 16. Bh1 f5 17. c3 Nb5 18. Qe2 Rf8 19. Qh5 f4 20. Be4 h6 21. Qg6 fxe3 22. Qh7+ Kf7 23. Qg6+ Kg8 24. Qh7+ Kf7 25. Qg6+ Kg8 26. Qh7+ 1/2-1/2

[Event "Wch U12 Girls"]
[Site "Porto Carras"]
[Date "2015.10.25"]
[Round "1"]
[White "Salonika, Saina"]
[Black "Pecorini, Angie"]
[Result "1-0"]
[WhiteElo "1858"]
[BlackElo "1515"]
[PlyCount "61"]
[EventDate "2015.10.25"]
[EventType "swiss"]
[EventRounds "11"]
[EventCountry "GRE"]
[SourceTitle "CBM 169 Extra"]
[Source "ChessBase"]
[SourceDate "2015.12.18"]
[SourceVersion "1"]
[SourceVersionDate "2015.12.18"]
[SourceQuality "1"]

1. e4 c5 2. Nc3 Nc6 3. f4 e6 4. Nf3 d5 5. Bb5 Nge7 6. Ne5 a6 7. Bxc6+ Nxc6 8. Nxc6 bxc6 9. Qe2 Be7 10. 0-0 0-0 11. e5 a5 12. d3 Qc7 13. Na4 Ba6 14. c4 Rab8 15. b3 Rbe8 16. Be3 d4 17. Bd2 f6 18. Qe1 fxe5 19. Bxa5 Qb8 20. Bb6 Bd6 21. Bxc5 exf4 22. Qe4 f3 23. Bxd6 Qxd6 24. Rxf3 c5 25. Raf1 Rxf3 26. Qxf3 Qc7 27. Nxc5 Bc8 28. b4 e5 29. Qd5+ Kh8 30. Qf7 Qxf7 31. Rxf7 1-0